Sports Quiz

Random Sports Quiz
Score 0/50 Timer 15:00
0 Plays Today
Goals Player % Correct
115*Lionel Messi
100%
39*Sergio Agüero
98.3%
25Hernán Crespo
95.2%
24*Gonzalo Higuaín
94.8%
13Carlos Tévez
89%
21*Ángel Di María
88.5%
7Juan Sebastián Verón
86.2%
6Gabriel Batistuta
85.6%
19Lisandro López
84.8%
11Claudio López
83.9%
9*Ezequiel Lavezzi
82.7%
18Javier Saviola
81.9%
9*Mauro Icardi
77.1%
18Lucho González
75.6%
6Esteban Cambiasso
74.6%
6Kily González
72.7%
4Ezequiel González
71.6%
5*Lautaro Martínez
71.4%
14*Paulo Dybala
70.7%
3Gabriel Heinze
70.3%
9Diego Milito
69.4%
2*Érik Lamela
68.6%
2*Martín Demichelis
67.1%
3Juan Román Riquelme
66.3%
3Walter Samuel
64.9%
Goals Player % Correct
4*Javier Pastore
64.4%
19Julio Cruz
62.8%
3Maxi Rodríguez
58.8%
6Diego Simeone
57.3%
4*Nicolás Tagliafico
57.1%
5Pablo Aimar
56.5%
3*Éver Banega
50.6%
3Roberto Ayala
46.2%
7Santiago Solari
45.9%
5*Nico Gaitán
42.5%
4*Eduardo Salvio
29%
7*Chori Domínguez
27.4%
2*Joaquín Correa
25.7%
4Abel Balbo
24.6%
3*Facundo Ferreyra
22.7%
3Claudio Caniggia
19.3%
4*Diego Perotti
16.2%
3Tino Costa
14.4%
5Christian Giménez
12.8%
2*Nico Pareja
10.3%
3Juan Esnáider
10.2%
5Julio-Hernán Rossi
9.4%
3Luciano Galletti
9.1%
3*Franco Cervi
7.5%
3Juan Emmanuel Culio
6.8%
Remove Ads.
Support Sporcle.
Get the best of Sporcle when you Go Orange. This ad-free experience offers more features, more stats, and more fun while also helping to support Sporcle. Thank you for becoming a member.

You're not logged in!

Compare scores with friends on all Sporcle quizzes.
OR
Log In

Show Comments

Extras

Top Quizzes Today


Score Distribution

Your Account Isn't Verified!

In order to create a playlist on Sporcle, you need to verify the email address you used during registration. Go to your Sporcle Settings to finish the process.

Report this User

Report this user for behavior that violates our Community Guidelines.

Details: